000 00209nam a22000977a 4500
999 _c15790
_d15790
003 OSt
008 191021b ||||| |||| 00| 0 eng d
100 _aPaul,M P.
_94312
245 _aSahithya Vicharam
942 _cBK